01467nab a22002537a 4500999001500000003000400015005001700019008004100036040001100077100002800088245015100116260007300267300001300340500003700353505039700390505008900787650003300876650004000909650004300949650003400992650003401026773014001060942001301200 c5295d5295OSt20250217194650.0190603e xxum|||| |||| 00| 0 spa d cPJ-TDF 96352aJagou, Vanesa S. 13aEl requisito de idoneidad del representante respecto del consumidor individual afectado en las acciones colectivas de consumo /cVanesa S. Jagou.  cCiudad Autónoma de Buenos Aires :aThomson Reuters La Ley, b2023. ap. 42-56 aCita: TR LALEY AR/DOC/2183/2023. aSumario: I. Introducción.— II. La representación adecuada o idoneidad del representante.— III. El requisito de la representación adecuada respecto de la figura del consumidor individual afectado en las acciones colectivas de consumo.— IV. Efectos de la falta de acreditación del requisito de representatividad adecuada en los procesos colectivos de consumo.— V. Conclusiones.  t¿Te interesa el texto completo? Solicitalo al correo: koha@justierradelfuego.gov.ar 092597aDEFENSA DEL CONSUMIDOR 092600aLEY DE DEFENSA DEL CONSUMIDOR 0aDERECHOS DE INCIDENCIA COLECTIVA92080 0aREPRESENTACION PROCESAL91517 0aLEGITIMACIÓN PROCESAL923940 0271393170dCiudad Autónoma de Buenos Aires : Thomson Reuters La Ley, 2015-tRevista Código Civil y Comercial. Nº 5 - Octubre 2023 2udccANA